000 00912cab a2200229 4500
001 WB3001-25
008 090401t1993 xxu||||| |||| 00| 0 eng d
035 _a(Sirsi) u42019
041 _aeng
245 _aFire rules clarified
260 _c1993
350 _a0
490 _aRICS Press Release
_vPR246/93RES 23 December 1993, (2)
520 _aClarification from Lord Strathclyde on fire and furnishings safety regulations makes it clear that responsibility to ensure that furniture meets fire safety standards lies with the landlords who supply the furniture and not with the letting agents.
650 _aASSOCIATION OF RESIDENTIAL LETTING AGENTS
650 _aFURNITURE AND FURNISHINGS (FIRE) (SAFETY) REGULATIONS 1988
650 _aINCORPORATED SOCIETY OF VALUERS AND AUCTIONEERS
650 _aNATIONAL ASSOCIATION OF ESTATE AGENTS
690 _aHOUSING
942 _n0
948 _c04/03/1997
999 _c26989
_d26989